000
00414nam a2200133Ia 4500
008
151001s9999||||xx |||||||||||||| ||und||
100
_a
हेलेना सिक्लेयर
245
_a
बालविकास के क्रमिक चरण
250
_a
1
260
_b
भारतीय प्रकाशन संस्था
260
_c
2009
300
_a
216
365
_b
21
999
_c
995161
_d
995158